Progresívne formy organizácie strojárskej výroby doktorská dizertačná práca SVŠT
Gespeichert in:
| 1. Verfasser: | |
|---|---|
| Format: | Buch |
| Sprache: | Slowakisch |
| Veröffentlicht: |
Bratislava
Strojnícka fakulta STU v Bratislave
1977
|
| Tags: |
Keine Tags, Fügen Sie das erste Tag hinzu!
|
MARC
| LEADER | 00000nam a2200000 4500 | ||
|---|---|---|---|
| 001 | 0221255 | ||
| 005 | 20240822101658.6 | ||
| 041 | 0 | |a slo | |
| 044 | |a SK | ||
| 245 | 1 | 0 | |a Progresívne formy organizácie strojárskej výroby |b doktorská dizertačná práca SVŠT |c Jozef Marko |
| 264 | 1 | |a Bratislava |b Strojnícka fakulta STU v Bratislave |c 1977 | |
| 300 | |a 238 s. | ||
| 100 | 1 | |a Marko, Jozef | |